لغا ت اردو محاورہ / (Record no. 87805)

MARC details
000 -LEADER
fixed length control field 01232nam a22002537a 4500
005 - DATE AND TIME OF LATEST TRANSACTION
control field 20200306144613.0
010 ## - LCCN (DPL NO)
LC control number UR-257 B-548296 B-665938
020 ## - INTERNATIONAL STANDARD BOOK NUMBER
Terms of availability 250.00
International Standard Book Number 9789381029633
035 ## - SYSTEM CONTROL NUMBER
System control number U-257 B-548296 B-665938
037 ## - SOURCE OF ACQUISITION
Source of stock number/acquisition BPPD/Publishers/Venders
037 ## - SOURCE OF ACQUISITION
Source of stock number/acquisition Star Publications(Vend.)/Arshia Publications(Pub.)
082 ## - DEWEY DECIMAL CLASSIFICATION NUMBER
Classification number 440
100 ## - MAIN ENTRY--PERSONAL NAME
Personal name مو لفہ :خو شنو د ہ نيلو فر
245 ## - TITLE STATEMENT
Title لغا ت اردو محاورہ /
Statement of responsibility, etc مو لفہ :خو شنودہ نيلوفر
246 ## - VARYING FORM OF TITLE
Title proper/short title Lughaat-e-Urdu Muhawara /
Remainder of title edited by Khushnuda Nilofer
260 ## - PUBLICATION, DISTRIBUTION, ETC. (IMPRINT)
Name of publisher, distributor, etc Arshia Publictions
-- Star Publications.( Vender)
Date of publication, distribution, etc 2012
260 ## - PUBLICATION, DISTRIBUTION, ETC. (IMPRINT)
Place of publication, distribution, etc 4/5Asaf Ali Road,New Delhi-110002
270 ## - ADDRESS
Address A-170,Ground Floor, 3,Surya Apartment, Dilshad Colony,
City دھلی
Postal code 110095
Telephone number 9971775969
300 ## - PHYSICAL DESCRIPTION
Extent 240ص
Dimensions 22cm(Hb)
700 ## - ADDED ENTRY--PERSONAL NAME
Personal name خو شنودہ نيلوفر
942 ## - ADDED ENTRY ELEMENTS (KOHA)
Source of classification or shelving scheme Dewey Decimal Classification
Item type Urdu Bks
Call number suffix ل غ ا
Classification part 440
Holdings
Withdrawn status Lost status Not for loan Collection code Home library Current library Date acquired Source of acquisition Cost, normal purchase price Full call number Barcode Copy number Cost, replacement price Koha item type
      Non-fiction Ashok Vihar Ashok Vihar 27/03/2017 BPPD/UR/2014-15/AV/16-17/657/SP/2267/27.2.17/8.3.17 250.00 398.8 ل غ ا B-665938 1 250.00 Urdu Bks
      Non-fiction Central Library Central Library 17/12/2014 BPPD/UR/2014-15/127/1.8.14/SP/3597/6.8.14/2.9.14 250.00 440 ل غ ا B-548296 1 250.00 Urdu Bks

© Delhi Public Library
Hit Counter
free hit counter